000 00673nam a2200229 i 4500
001 C2-0233782
003 PPAK
005 20180727194503.0
008 010610s1982 th a|||| ||||| | eng d
040 _aPPAK
_beng
_cPPAK
_erda
082 0 4 _a728.8209593
_223
090 0 0 _a728.8209593
_bWAR
_dKSF
100 1 _aWarren, William,
_eauthor
245 1 4 _aThe suan pakkad palace collection
264 1 _aThailand :
_bPrincess Chumbhot of Nagara Svarga ,
_c1982
300 _a133 pages :
_bcolour illustrations ;
_c28 cm
336 _2rdacontent
_atext
337 _2rdamedia
_aunmediated
338 _2rdacarrier
_avolume
650 1 0 _aBunroel - Chaichana
942 _ddc
_cB
999 _c50226
_d50226